Osobitosti oceňovania finančných nástrojov banky diplomová práca

Enregistré dans:
Détails bibliographiques
Auteur principal: Ondrušková, Natália
Collectivité auteur: Fakulta hospodárskej informatiky EU. Katedra účtovníctva a audítorstva
Autres auteurs: Boušková, Dagmar
Format: Livre
Langue:slovaque
Publié: Bratislava 2012
Tags: Ajouter un tag
Pas de tags, Soyez le premier à ajouter un tag!

MARC

LEADER 00000nbm a2200000 4500
001 0154774
005 20161109102143.9
041 0 |a slo 
044 |a SK 
245 1 0 |a Osobitosti oceňovania finančných nástrojov banky  |b diplomová práca  |c Natália Ondrušková ; školiteľ: Dagmar Boušková 
264 1 |a Bratislava  |c 2012 
300 |a 63 s. 
100 1 |a Ondrušková, Natália 
700 1 |a Boušková, Dagmar 
710 2 |a Fakulta hospodárskej informatiky EU. Katedra účtovníctva a audítorstva